000 00360nam a2200145Ia 4500
008 230917s9999||||xx |||||||||||||| ||und||
040 _e155811
_aMAIN
041 _aEnglish
082 _a956.9404 J723B
100 _aJones, philip
245 0 _aBritain and palestine 1914-1948
260 _aLondon
_bBritish academy
_c1979
300 _a246 p.
942 _cBK
999 _c225010
_d225010